The Holy Bible

Guardat en:
Dades bibliogràfiques
Format: Llibre
Idioma:anglès
Publicat: Colorado Springs International Bible Society 1984
Matèries:
Etiquetes: Afegir etiqueta
Sense etiquetes, Sigues el primer a etiquetar aquest registre!

MARC

LEADER 00000nam a2200000 a 4500
001 UCJ2779
003 CL-VaPUC
008 070112e19840000us |||||||||||||||||eng|d
082 0 4 |a 220  |b HOL  |2 21 
245 1 4 |a The Holy Bible 
300 |a 923 p 
942 |c BK 
945 |d 20070112 00:00:00  |a lvergara 
260 |a Colorado Springs  |b International Bible Society  |c 1984 
650 0 |a Biblia  |9 257603 
650 0 |a Textos sagrados   |9 257605 
650 0 |a Teología   |9 258766 
583 |a last modification  |c 20171218 12:18:30  |k Rodrigo Vera 
999 |c 318910  |d 318908 
952 |0 0  |1 0  |4 0  |6 220_000000000000000_HOL_1984  |7 0  |8 A  |9 397106  |a BIBTEO  |b BIBTEO  |d 2019-11-22  |i 4245059  |o 220 HOL 1984  |p 4245059  |r 2025-01-17  |w 2019-11-22  |y BK  |k ICR